Caitlin Clark Trivia - Statistics

General Stats
  • This quiz has been taken 106 times
  • The average score is 11 of 17
Answer Stats
Hint Answer % Correct
Her jersey number 22
98%
Played college basketball at the University of ____ Iowa
90%
Number of years that she played college basketball 4
89%
Selected with the first pick in the 2024 WNBA Draft by the Indiana _____ Fever
89%
College teammate who was drafted by the Las Vegas Aces Kate Martin
75%
Player who she has a controversial rivalry with Angel Reese
69%
NBA player who she is often compared to Stephen Curry
69%
City where she was born and raised Des Moines
62%
City where the above stadium can be found Indianapolis
61%
Her influence on women's basketball attendance and viewership has been dubbed The Caitlin Clark ______ Effect
56%
Mascot for the above school Hawkeyes
56%
Her favorite WNBA player Maya Moore
56%
Basketball position that she plays PG
56%
Statistical category in which she holds the WNBA single-game and single-season records Assists
44%
Stadium that the above team plays in Gainbridge Fieldhouse
43%
She was the first WNBA rookie to achieve this single-game feat, in which a player accumulates double-digit numbers in three of the five major statistical categories Triple-Double
41%
She was named 2024 Athlete of the Year by this high-profile magazine Time
36%
No matching quizzes found
Score Distribution
Percent of People with Each Score
Percentile by Number Answered
Your Score History
You have not taken this quiz